| Tag |
First Indicator |
Second Indicator |
Subfields |
| LEADER |
00000pam a2200000 a 4500 |
| 001 |
in00000095942 |
| 005 |
20150923173814.0 |
| 008 |
810723s1982 nyu b 00000 eng |
| 010 |
|
|
|a 81012397
|
| 020 |
|
|
|a 0070509743 :
|c $9.95
|
| 035 |
|
|
|a (OCoLC)07671694
|
| 035 |
|
|
|9 AAK8328AM
|
| 039 |
0 |
|
|a 2
|b 3
|c 3
|d 3
|e 3
|
| 040 |
|
|
|a DLC
|c DLC
|d TXA
|d UtOrBLW
|
| 049 |
|
|
|a TXAM
|c [952236]
|
| 050 |
0 |
0 |
|a RC457
|b P78 1982
|
| 082 |
0 |
|
|a 616.89/0076
|2 19
|
| 245 |
0 |
0 |
|a Psychiatry :
|b PreTest self-assessment and review /
|c edited by J. Craig Nelson, David Greenfeld.
|
| 250 |
|
|
|a 2nd ed.
|
| 264 |
|
1 |
|a New York :
|b McGraw-Hill, Health Professions Division, PreTest Series,
|c [1982]
|
| 264 |
|
4 |
|c ©1982
|
| 300 |
|
|
|a ix, 209 pages ;
|c 22 cm.
|
| 336 |
|
|
|a text
|b txt
|2 rdacontent
|
| 337 |
|
|
|a unmediated
|b n
|2 rdamedia
|
| 338 |
|
|
|a volume
|b nc
|2 rdacarrier
|
| 490 |
0 |
|
|a PreTest series
|
| 504 |
|
|
|a Bibliography: pages 203-209.
|
| 650 |
|
0 |
|a Psychiatry
|v Examinations, questions, etc.
|
| 700 |
1 |
|
|a Nelson, J. Craig
|q (James Craig),
|d 1942-
|
| 700 |
1 |
|
|a Greenfeld, David.
|
| 999 |
|
|
|a MARS
|
| 999 |
f |
f |
|s 5ce4464d-7767-37bf-9de9-789f7af0e257
|i 08ea03a3-e5f4-3f0e-949b-423ec0acaf10
|t 0
|
| 952 |
f |
f |
|p ric
|a Texas A&M University
|b Rellis Campus
|c Joint Library Facility
|d Remote Storage
|t 0
|e RC457 P78 1982
|h Library of Congress classification
|i unmediated -- volume
|m A14806049180
|
| 998 |
f |
f |
|a RC457 P78 1982
|t 0
|l Remote Storage
|